[Event "Cappelle-la-Grande 2014"]
[Site "Cappelle-la-Grande (FRA)"]
[Date "????.??.??"]
[Round "2.33"]
[White "Manolache, Marius"]
[Black "Justo, Damian"]
[Result "0-1"]
[WhiteElo "2495"]
[BlackElo "2315"]
[PlyCount "112"]

1. d4 e6 2. c4 Nf6 3. Nc3 Bb4 4. e3 c5 5. Bd3 O-O 6. Nf3 d5 7. O-O cxd4 8. exd4
dxc4 9. Bxc4 Bxc3 10. bxc3 Qc7 11. Qe2 Nbd7 12. Ba3 Re8 13. Rfe1 Nb6 14. Bb3
Qxc3 15. Qe5 Bd7 16. Rac1 Qd3 17. Rc7 Rac8 18. Bb2 Bc6 19. Rxf7 Bxf3 20. Rxf6
gxf6 21. Qg3+ Kh8 22. d5 e5 23. Rd1 Qe2 24. Qxf3 Qxf3 25. gxf3 Nc4 26. Bc1 b5
27. f4 e4 28. f5 Na5 29. Bb2 Rg8+ 30. Kf1 Kg7 31. d6 Nxb3 32. d7 Rc2 33. axb3
Rd8 34. Ba3 Rc7 35. Re1 Rdxd7 36. Rxe4 Rc3 37. Rg4+ Kf7 38. Rh4 Ke8 39. Re4+
Kd8 40. Bb2 Rc6 41. Bd4 a5 42. Be3 Ra6 43. Bc5 Rd5 44. Be7+ Kd7 45. Bf8 h5 46.
Re7+ Kd8 47. Re3 Rxf5 48. Rd3+ Ke8 49. Bd6 Kf7 50. Ba3 Rc6 51. Rd7+ Kg6 52. Bf8
Rf3 53. Rg7+ Kf5 54. b4 Rc2 55. Bc5 axb4 56. Be3 Rxe3 0-1

[Event "Cappelle-la-Grande 2014"]
[Site "Cappelle-la-Grande (FRA)"]
[Date "????.??.??"]
[Round "2.34"]
[White "Piceu, Tom"]
[Black "Hasangatin, Ramil"]
[Result "0-1"]
[WhiteElo "2347"]
[BlackElo "2494"]
[PlyCount "112"]

1. d4 e6 2. c4 Bb4+ 3. Nd2 b6 4. Ngf3 Bb7 5. e3 f5 6. Bd3 Nf6 7. O-O O-O 8. a3
Bxd2 9. Nxd2 c5 10. b3 Qc7 11. Re1 Nc6 12. Bb2 Ne7 13. f3 Ng6 14. b4 Rae8 15.
bxc5 bxc5 16. dxc5 Qxc5 17. Qa4 Qd6 18. Qb3 Ba8 19. Qc3 Rc8 20. Qd4 Qc7 21.
Rac1 d6 22. Qc3 Ne5 23. Be2 Ned7 24. Nb3 Rb8 25. Nd4 Nc5 26. Nb5 Qb6 27. Ba1 a6
28. Nd4 Rfc8 29. Bf1 Bc6 30. Qc2 Ba4 31. Qf2 Bd7 32. Qc2 Qa5 33. Bc3 Qa4 34.
Qxa4 Bxa4 35. Rb1 Kf7 36. Rb4 Nfd7 37. Reb1 Ra8 38. Ne2 e5 39. Nc1 Bc2 40. R1b2
Ba4 41. Rd2 Ke6 42. Nd3 Bc6 43. Nxc5+ Nxc5 44. Rb1 a5 45. Kf2 g5 46. Be2 Na4
47. Ba1 Rab8 48. Rdd1 h5 49. Bd3 Nc5 50. Bxf5+ Kxf5 51. Rxb8 Rxb8 52. Rxd6 Ba8
53. Rh6 Rb3 54. h3 h4 55. Rh8 Rxa3 56. Bxe5 Nd3+ 0-1

[Event "Cappelle-la-Grande 2014"]
[Site "Cappelle-la-Grande (FRA)"]
[Date "????.??.??"]
[Round "2.35"]
[White "Jarmula, Lukasz"]
[Black "Ulibin, Mikhail"]
[Result "1/2-1/2"]
[WhiteElo "2225"]
[BlackElo "2491"]
[PlyCount "50"]

1. d4 e6 2. c4 f5 3. g3 Nf6 4. Bg2 d5 5. Nh3 c6 6. O-O Bd6 7. Qc2 O-O 8. Bf4
Be7 9. Nd2 Nh5 10. Bxb8 Rxb8 11. Nf4 Nxf4 12. gxf4 Bd6 13. e3 Bd7 14. Kh1 Be8
15. Rg1 Kh8 16. Nf3 h6 17. Ne5 g5 18. fxg5 hxg5 19. f4 g4 20. Bf1 Rc8 21. c5
Bxe5 22. dxe5 Rc7 23. Rd1 Qh4 24. Rg3 Rh7 25. Kg1 a6 1/2-1/2

[Event "Cappelle-la-Grande 2014"]
[Site "Cappelle-la-Grande (FRA)"]
[Date "????.??.??"]
[Round "2.36"]
[White "Naumkin, Igor"]
[Black "Rubery, Mark"]
[Result "0-1"]
[WhiteElo "2477"]
[BlackElo "2224"]
[PlyCount "86"]

1. d4 Nf6 2. c4 g6 3. Nc3 Bg7 4. e4 d6 5. Nf3 O-O 6. Be2 Na6 7. O-O e5 8. Re1
Qe8 9. Bf1 Bg4 10. Be3 Bxf3 11. Qxf3 Ng4 12. Qxg4 exd4 13. Bxd4 Bxd4 14. Nd5 c6
15. Ne3 Bxb2 16. Rad1 Bg7 17. Rxd6 Rd8 18. Rxd8 Qxd8 19. Qg3 Qe7 20. f4 Qxe4
21. Ng4 Qd4+ 22. Kh1 h5 23. Nf2 Nc5 24. f5 Qf6 25. Qf3 Qxf5 26. Qxf5 gxf5 27.
g3 Rd8 28. Rd1 Rxd1 29. Nxd1 Bd4 30. Bh3 f4 31. gxf4 Ne6 32. Bxe6 fxe6 33. Kg2
Kg7 34. Kf3 Kf6 35. Ke4 c5 36. h3 Kg6 37. a4 b6 38. Kf3 Kf5 39. Ne3+ Bxe3 40.
Kxe3 e5 41. fxe5 Kxe5 42. h4 Kf5 43. Kf3 a6 0-1

[Event "Cappelle-la-Grande 2014"]
[Site "Cappelle-la-Grande (FRA)"]
[Date "????.??.??"]
[Round "2.37"]
[White "Kryvoruchko, Vita"]
[Black "Bailet, Pierre"]
[Result "1/2-1/2"]
[WhiteElo "2201"]
[BlackElo "2477"]
[PlyCount "137"]

1. e4 e5 2. Nf3 Nc6 3. Bb5 a6 4. Ba4 Nf6 5. O-O Be7 6. Re1 b5 7. Bb3 d6 8. c3
O-O 9. h3 Nb8 10. d4 Nbd7 11. Nbd2 Bb7 12. Bc2 Re8 13. Nf1 Bf8 14. Ng3 g6 15.
a4 c5 16. d5 c4 17. Bg5 Qc7 18. Qd2 Bg7 19. Bh6 Nf8 20. Nh4 Bh8 21. Qg5 N6d7
22. Nhf5 Bf6 23. Qg4 Bd8 24. Be3 Nf6 25. Qg5 Kh8 26. Qh6 gxf5 27. Nxf5 Ne6 28.
dxe6 fxe6 29. Bb6 Ng8 30. Bxc7 Nxh6 31. Bxd8 exf5 32. Bf6+ Kg8 33. exf5 Kf7 34.
Bg5 Ng8 35. Rad1 d5 36. Rd2 Nf6 37. Rde2 d4 38. Rxe5 Rxe5 39. Rxe5 d3 40. Bd1
Rg8 41. h4 h6 42. Rc5 hxg5 43. Rc7+ Kf8 44. Rxb7 gxh4 45. axb5 axb5 46. Rxb5
Rg5 47. Bf3 h3 48. g3 Ng4 49. Bxg4 Rxg4 50. Rd5 Re4 51. Kh2 Re2 52. Kxh3 Rxb2
53. Rd4 Rxf2 54. Rxc4 Ke7 55. Rd4 d2 56. c4 Kf6 57. g4 Kg5 58. c5 Rf3+ 59. Kh2
Rf4 60. Rxd2 Kxg4 61. Rc2 Kxf5 62. c6 Rh4+ 63. Kg2 Rh8 64. c7 Rc8 65. Rc6 Ke5
66. Kf3 Kd5 67. Rc2 Kd6 68. Ke4 Rxc7 69. Rxc7 1/2-1/2

[Event "Cappelle-la-Grande 2014"]
[Site "Cappelle-la-Grande (FRA)"]
[Date "????.??.??"]
[Round "2.38"]
[White "Azarov, Sergei"]
[Black "Kulon, Klaudia"]
[Result "1-0"]
[WhiteElo "2603"]
[BlackElo "2308"]
[PlyCount "65"]

1. e4 c5 2. Nf3 d6 3. d4 cxd4 4. Nxd4 Nf6 5. Nc3 Nc6 6. Bg5 e6 7. Qd2 a6 8.
O-O-O Bd7 9. Be2 Be7 10. f4 b5 11. Bf3 Rc8 12. Nxc6 Bxc6 13. Bxf6 gxf6 14. f5
b4 15. Ne2 e5 16. Kb1 Qb6 17. Qh6 a5 18. Ng3 Qc5 19. Rd2 Ba4 20. Rc1 Bf8 21.
Qxf6 Rg8 22. Qh4 Qe3 23. Rcd1 Bh6 24. b3 Bd7 25. Nh5 Bg5 26. Nf6+ Kf8 27. Nxh7+
Ke7 28. f6+ Ke8 29. Nxg5 Qxg5 30. Qxg5 Rxg5 31. Rxd6 Bc6 32. Be2 Rxg2 33. Ba6
1-0

[Event "Cappelle-la-Grande 2014"]
[Site "Cappelle-la-Grande (FRA)"]
[Date "????.??.??"]
[Round "2.39"]
[White "Lefebvre, Herve"]
[Black "Kovacevic, Aleksandar"]
[Result "0-1"]
[WhiteElo "2307"]
[BlackElo "2572"]
[PlyCount "62"]

1. d4 Nf6 2. c4 e6 3. Nf3 b6 4. g3 Ba6 5. Qc2 c5 6. d5 exd5 7. cxd5 Bb7 8. Bg2
Nxd5 9. O-O Nc6 10. Rd1 Be7 11. Qf5 Nf6 12. e4 g6 13. Qf4 O-O 14. e5 Nh5 15.
Qh6 f6 16. Nh4 Qe8 17. Bd5+ Kh8 18. Be4 f5 19. Bf3 Bxh4 20. gxh4 Rb8 21. Bxc6
Bxc6 22. f4 d5 23. Nd2 d4 24. Rf1 Qd8 25. Qg5 Qd5 26. Nf3 Qe4 27. Bd2 Qc2 28.
Qg2 Qxb2 29. Rae1 Qxa2 30. e6 Rfe8 31. e7 Rb7 0-1

[Event "Cappelle-la-Grande 2014"]
[Site "Cappelle-la-Grande (FRA)"]
[Date "????.??.??"]
[Round "2.40"]
[White "Baryshpolets, Andrey"]
[Black "Berkovich, Mark A"]
[Result "1/2-1/2"]
[WhiteElo "2558"]
[BlackElo "2334"]
[PlyCount "66"]

1. d4 Nf6 2. c4 e6 3. Nf3 d5 4. Nc3 Bb4 5. cxd5 exd5 6. Bg5 h6 7. Bh4 g5 8. Bg3
Ne4 9. Nd2 Nxg3 10. hxg3 c6 11. Qc2 Be6 12. a3 Bf8 13. e3 Bg7 14. Bd3 Nd7 15.
b4 Qe7 16. Nb3 O-O 17. O-O f5 18. Na4 Nf6 19. Nac5 Ne4 20. Bxe4 fxe4 21. Nxe6
Qxe6 22. Qe2 Rf7 23. b5 Rc8 24. Nc5 Qe8 25. bxc6 b6 26. Na6 Qxc6 27. Nb4 Qd7
28. Rac1 Rxc1 29. Rxc1 Bf8 30. Nc6 Bd6 31. Qa2 Qf5 32. g4 Qd7 33. a4 Bc7
1/2-1/2

[Event "Cappelle-la-Grande 2014"]
[Site "Cappelle-la-Grande (FRA)"]
[Date "????.??.??"]
[Round "2.41"]
[White "Eingorn, Vereslav S"]
[Black "Nanjo, Ryosuke"]
[Result "1/2-1/2"]
[WhiteElo "2556"]
[BlackElo "2307"]
[PlyCount "100"]

1. d4 d5 2. c4 e6 3. Nf3 c6 4. Bg5 Be7 5. Bxe7 Qxe7 6. Qc2 Nf6 7. e3 Nbd7 8.
Nc3 b6 9. cxd5 exd5 10. Qa4 Bb7 11. Ba6 Bxa6 12. Qxa6 O-O 13. O-O Nb8 14. Qa4
a5 15. Ne5 b5 16. Qc2 Nfd7 17. Nd3 Na6 18. Rfc1 Nb6 19. Ne2 Rfc8 20. Nef4 Nc4
21. b3 Nd6 22. Nc5 Nc7 23. Qe2 Nce8 24. Nfd3 Nf5 25. Rc2 Ned6 26. Rac1 f6 27.
Nf4 b4 28. Na4 Qb7 29. Qg4 g6 30. Nh5 Kf7 31. Ng3 Rc7 32. Nxf5 Nxf5 33. Qf3 Rd8
34. Qe2 Nd6 35. Nc5 Qa8 36. Na6 Rcc8 37. Nc5 Nb5 38. Na4 Qb7 39. Rc5 Re8 40.
Qc2 Na3 41. Qd2 Qa6 42. Nb2 Re6 43. Nd3 Rce8 44. Nf4 Rd6 45. Qd3 Qb6 46. Ne2
Re7 47. h3 Rde6 48. Nf4 Rd6 49. Ne2 Rde6 50. Nf4 Rd6 1/2-1/2

[Event "Cappelle-la-Grande 2014"]
[Site "Cappelle-la-Grande (FRA)"]
[Date "????.??.??"]
[Round "2.42"]
[White "Admiraal, Miguoel"]
[Black "Brodsky, Michail"]
[Result "0-1"]
[WhiteElo "2317"]
[BlackElo "2554"]
[PlyCount "74"]

1. c4 e5 2. g3 Nf6 3. Bg2 d5 4. cxd5 Nxd5 5. Nc3 Nb6 6. Nf3 Nc6 7. O-O Be7 8.
a3 O-O 9. b4 Be6 10. Rb1 f6 11. d3 Qd7 12. Ne4 Rab8 13. Bb2 Rfd8 14. Qc2 a5 15.
b5 Na7 16. d4 exd4 17. Nxd4 Bf7 18. Rfd1 Nxb5 19. Nf5 Qe8 20. Nxe7+ Qxe7 21.
Bxf6 Rxd1+ 22. Qxd1 gxf6 23. Rxb5 Kg7 24. Rxa5 Nc4 25. Rc5 Rd8 26. Qc1 Rd4 27.
e3 Rxe4 28. Rb5 Nd6 29. Bxe4 Nxb5 30. Bxb7 Nxa3 31. h4 Nc4 32. Bg2 Ne5 33. Qd1
Qd7 34. Qc2 Qd6 35. Qe2 Qd3 36. Qe1 Bh5 37. f3 Bxf3 0-1

[Event "Cappelle-la-Grande 2014"]
[Site "Cappelle-la-Grande (FRA)"]
[Date "????.??.??"]
[Round "2.43"]
[White "Kharitonov, Alexandre"]
[Black "Shvayger, Yuliya"]
[Result "1-0"]
[WhiteElo "2554"]
[BlackElo "2307"]
[PlyCount "81"]

1. d4 Nf6 2. c4 g6 3. g3 Bg7 4. Bg2 d5 5. cxd5 Nxd5 6. e4 Nb6 7. Ne2 c5 8. d5
O-O 9. O-O e6 10. Nec3 Na6 11. Bf4 e5 12. Bc1 Nc4 13. Qe2 Nd6 14. Na3 Bd7 15.
Nc4 Bb5 16. b3 Nc7 17. Be3 b6 18. Nxb5 Ncxb5 19. Nxd6 Nxd6 20. a4 a5 21. Rae1
Qd7 22. f4 Rfc8 23. Rc1 Rab8 24. f5 f6 25. fxg6 hxg6 26. h4 c4 27. bxc4 Qxa4
28. c5 Nxe4 29. Qg4 Nxc5 30. Qxg6 Qe8 31. Rxf6 Qxg6 32. Rxg6 Kh7 33. Rc6 a4 34.
Bxc5 bxc5 35. R1xc5 Rd8 36. Ra5 Rb3 37. Rxa4 Rxg3 38. Kh2 Re3 39. Ra7 Kh8 40.
Rc4 Bf8 41. Bh3 1-0

[Event "Cappelle-la-Grande 2014"]
[Site "Cappelle-la-Grande (FRA)"]
[Date "????.??.??"]
[Round "2.44"]
[White "Djukic, Nikola"]
[Black "Wacker, Peter"]
[Result "1-0"]
[WhiteElo "2551"]
[BlackElo "2300"]
[PlyCount "67"]

1. e4 c5 2. Nf3 d6 3. d4 cxd4 4. Nxd4 Nf6 5. Nc3 a6 6. Be3 e5 7. Nb3 Be6 8. h3
Nbd7 9. g4 h6 10. Qd2 b5 11. O-O-O Qc7 12. f4 Rc8 13. Bg2 b4 14. Nd5 Bxd5 15.
exd5 Be7 16. Kb1 a5 17. Rhe1 O-O 18. g5 hxg5 19. fxg5 Ne8 20. h4 g6 21. Bh3 Ra8
22. h5 gxh5 23. g6 f5 24. Bh6 Ng7 25. Bxg7 Kxg7 26. Nd4 Nc5 27. Nxf5+ Rxf5 28.
Bxf5 Bf6 29. Qe2 h4 30. Rf1 Na4 31. Bd3 e4 32. Rxf6 exd3 33. Qxd3 Kxf6 34. Qd4+
1-0

[Event "Cappelle-la-Grande 2014"]
[Site "Cappelle-la-Grande (FRA)"]
[Date "????.??.??"]
[Round "2.45"]
[White "Bouget, Alexandre"]
[Black "Szabo, Gergely-Andras-Gyul"]
[Result "0-1"]
[WhiteElo "2295"]
[BlackElo "2551"]
[PlyCount "56"]

1. d4 g6 2. c4 Bg7 3. Nc3 d6 4. e4 Nd7 5. Nf3 e5 6. Be3 Nh6 7. Qd2 Ng4 8. Bg5
f6 9. Bh4 h5 10. h3 Nh6 11. dxe5 dxe5 12. Rd1 Nf7 13. Bg3 O-O 14. Be2 c6 15.
O-O Qe7 16. Nh4 Kh7 17. Qe3 Bh6 18. Qd3 Nc5 19. Qb1 Ne6 20. b4 a5 21. a3 Nd4
22. Nf3 Nxe2+ 23. Nxe2 axb4 24. axb4 Be6 25. c5 Ra3 26. Rd3 Rfa8 27. Nd2 Rxd3
28. Qxd3 Rd8 0-1

[Event "Cappelle-la-Grande 2014"]
[Site "Cappelle-la-Grande (FRA)"]
[Date "????.??.??"]
[Round "2.46"]
[White "Miezis, Normunds"]
[Black "Klinova, Masha"]
[Result "1-0"]
[WhiteElo "2548"]
[BlackElo "2302"]
[PlyCount "83"]

1. c4 e5 2. g3 Nc6 3. Bg2 g6 4. Nc3 Bg7 5. e4 d6 6. Nge2 f5 7. d3 Nf6 8. f3 O-O
9. O-O Be6 10. Nd5 Qd7 11. Bg5 Nd4 12. Nxd4 exd4 13. Qd2 c6 14. Nxf6+ Bxf6 15.
Bxf6 Rxf6 16. exf5 Rxf5 17. Rae1 Re8 18. Re4 Re5 19. Rxd4 c5 20. Re4 Bf5 21.
Rxe5 dxe5 22. Rd1 Rd8 23. Bf1 Qd4+ 24. Qf2 e4 25. Qxd4 Rxd4 26. fxe4 Bxe4 27.
Kf2 a5 28. Ke3 b6 29. b3 Bf5 30. a3 Kf7 31. b4 axb4 32. axb4 Rd7 33. Ra1 Re7+
34. Kd2 cxb4 35. Rb1 Ra7 36. Rxb4 Ra2+ 37. Ke3 Rxh2 38. Rxb6 Rh1 39. Be2 Rh3
40. Kf4 Rh2 41. Rb2 Kf6 42. g4 1-0

[Event "Cappelle-la-Grande 2014"]
[Site "Cappelle-la-Grande (FRA)"]
[Date "????.??.??"]
[Round "2.47"]
[White "Schmitt, Andre"]
[Black "Arizmendi Martinez, Julen Luis"]
[Result "1/2-1/2"]
[WhiteElo "2301"]
[BlackElo "2547"]
[PlyCount "53"]

1. Nf3 Nf6 2. c4 e6 3. g3 d5 4. b3 Be7 5. Bb2 O-O 6. Bg2 c5 7. O-O Nc6 8. e3 b6
9. Nc3 dxc4 10. bxc4 Bb7 11. Qe2 Qc7 12. d3 a6 13. Ne1 Na5 14. f4 Bxg2 15. Nxg2
Qd7 16. a4 Ne8 17. g4 Rd8 18. f5 Qxd3 19. Qf3 Qxc4 20. Ne4 f6 21. Nf4 Nc7 22.
Rfc1 Qb3 23. Bc3 Nc4 24. Rcb1 Qc2 25. Rc1 Qb3 26. Rcb1 Qc2 27. Rc1 1/2-1/2

[Event "Cappelle-la-Grande 2014"]
[Site "Cappelle-la-Grande (FRA)"]
[Date "????.??.??"]
[Round "2.48"]
[White "Timoshenko, Georgy"]
[Black "Sadikhov, Ulvi"]
[Result "1-0"]
[WhiteElo "2531"]
[BlackElo "2263"]
[PlyCount "153"]

1. d4 d6 2. e4 e5 3. Nf3 Nd7 4. Nc3 Ngf6 5. Bc4 Be7 6. O-O O-O 7. Re1 c6 8. a4
Qc7 9. Bg5 Rd8 10. h3 h6 11. Bh4 Nf8 12. Bg3 N6d7 13. Ba2 Bf6 14. Qd3 Ng6 15.
Qc4 Nb6 16. Nd5 Nxd5 17. exd5 Bf5 18. Rad1 e4 19. Nd2 Qe7 20. Bb1 Bh4 21. c3
Qg5 22. Bxe4 Bxe4 23. Nxe4 cxd5 24. Nxg5 dxc4 25. Ne4 Bxg3 26. fxg3 d5 27. Nd2
Re8 28. Kf2 Kf8 29. b3 cxb3 30. Rb1 Rxe1 31. Kxe1 Re8+ 32. Kf2 Ne7 33. Rxb3 b6
34. Nf1 Rc8 35. Ne3 Ke8 36. Ke2 Rc6 37. g4 Kd7 38. Kd3 Kc7 39. a5 Rd6 40. axb6+
axb6 41. Rb1 Rf6 42. Ra1 Kb7 43. Re1 Re6 44. Rf1 f6 45. Rf2 Kc7 46. Nf1 Nc8 47.
Ng3 Nd6 48. Nh5 Re7 49. Rb2 Kc6 50. Ra2 f5 51. gxf5 Nxf5 52. Ra8 Nh4 53. Nf4
Rf7 54. g3 Nf5 55. Rc8+ Kb7 56. Re8 Nxg3 57. Nxd5 Rd7 58. Kc4 Nf5 59. Re6 Nd6+
60. Kd3 Nc8 61. Ne3 Ne7 62. c4 Nc8 63. Rg6 Rf7 64. h4 Ne7 65. Re6 Nc8 66. Ke4
Kc7 67. Nf5 Kd7 68. d5 Ne7 69. Rxe7+ Rxe7+ 70. Nxe7 Kxe7 71. h5 Kf6 72. Kd4 g5
73. hxg6 Kxg6 74. c5 bxc5+ 75. Kxc5 Kf7 76. Kc6 h5 77. d6 1-0

[Event "Cappelle-la-Grande 2014"]
[Site "Cappelle-la-Grande (FRA)"]
[Date "????.??.??"]
[Round "2.49"]
[White "Mouhamad, Joachin"]
[Black "Hovhanisian, Mher"]
[Result "0-1"]
[WhiteElo "2226"]
[BlackElo "2526"]
[PlyCount "132"]

1. e4 e6 2. d4 d5 3. e5 c5 4. Qg4 cxd4 5. Nf3 Nc6 6. Bd3 Qa5+ 7. Nbd2 Qc7 8.
O-O f5 9. Qg3 Bc5 10. Re1 Bb6 11. a3 a5 12. a4 Qf7 13. Nb1 Nge7 14. Na3 Qg6 15.
Qf4 Qg4 16. Qd2 O-O 17. Nb5 f4 18. b3 Bd7 19. Bb2 Ng6 20. Ba3 Nb4 21. Bxb4 axb4
22. h3 Qh5 23. Qe2 Bxb5 24. Bxb5 Rf7 25. Kh2 Nh4 26. Bd3 Nxf3+ 27. Qxf3 Qg5 28.
Re2 g6 29. Rg1 Rc8 30. Rd1 Ra8 31. Rg1 Kg7 32. Kh1 Rc8 33. Ra1 Ba5 34. Rae1 Rc3
35. Kh2 Bc7 36. Qg4 Qxg4 37. hxg4 Bd8 38. Rd2 f3 39. g3 Kh6 40. Ra1 Ba5 41. Bf1
Kg5 42. Ra2 Rfc7 43. Kg1 Kxg4 44. Rxd4+ Kf5 45. Bd3+ Kxe5 46. Rf4 Kd6 47. Rf6
Ke7 48. Rxf3 e5 49. Ra1 e4 50. Re1 R3c6 51. Rf4 Re6 52. Bf1 Rxc2 53. Rh4 h5 54.
g4 Bb6 55. Re2 Rxe2 56. Bxe2 Rf6 57. Rh2 h4 58. a5 Bc5 59. Bb5 g5 60. Kf1 e3
61. Ke2 Rxf2+ 62. Rxf2 exf2 63. Kf3 Kd6 64. a6 bxa6 65. Bxa6 Ke5 66. Be2 Kd4
0-1

[Event "Cappelle-la-Grande 2014"]
[Site "Cappelle-la-Grande (FRA)"]
[Date "????.??.??"]
[Round "2.50"]
[White "Dgebuadze, Alexandre"]
[Black "Gajek, Radoslaw"]
[Result "0-1"]
[WhiteElo "2521"]
[BlackElo "2270"]
[PlyCount "66"]

1. e4 c5 2. Nf3 d6 3. d4 cxd4 4. Nxd4 Nf6 5. Nc3 a6 6. Be3 e5 7. Nf3 Be7 8. Bc4
O-O 9. O-O Qc7 10. Qd3 Nc6 11. a3 Na5 12. Ba2 Be6 13. Bxe6 fxe6 14. Ng5 Qc8 15.
b3 h6 16. Nf3 Qc6 17. Bd2 Rfc8 18. Nh4 Bd8 19. g3 b5 20. Rac1 Nb7 21. b4 Bb6
22. Nf3 Rc7 23. h3 Rac8 24. Kh2 Qe8 25. g4 Rc4 26. Rg1 Qc6 27. g5 hxg5 28. Nxg5
Rxc3 29. Bxc3 Qxc3 30. Nxe6 Kf7 31. Nxg7 Bxf2 32. Nf5 Bxg1+ 33. Rxg1 Qxc2+ 0-1

[Event "Cappelle-la-Grande 2014"]
[Site "Cappelle-la-Grande (FRA)"]
[Date "????.??.??"]
[Round "2.51"]
[White "Rombaldoni, Axel"]
[Black "Mevel, Alberic"]
[Result "1-0"]
[WhiteElo "2518"]
[BlackElo "2236"]
[PlyCount "95"]

1. e4 d5 2. exd5 Nf6 3. d4 Bg4 4. Bb5+ c6 5. dxc6 Nxc6 6. Nf3 e6 7. h3 Bh5 8.
O-O Bd6 9. c3 O-O 10. Nbd2 Ne7 11. Be2 Bg6 12. Nh4 Rc8 13. Re1 Bb8 14. Nxg6
Nxg6 15. Nf3 Qc7 16. Bf1 Rfd8 17. Qe2 Rd5 18. g3 Rdd8 19. Bg2 Nd7 20. Ng5 Nf6
21. h4 h6 22. Ne4 Nxe4 23. Bxe4 f5 24. Bg2 Nf8 25. Bf4 Qf7 26. Qf3 Bxf4 27.
Qxf4 Ng6 28. Qf3 Rc7 29. Re2 Re7 30. Rae1 Rde8 31. a4 Qf6 32. h5 Nf8 33. Qf4
Kh8 34. a5 Nh7 35. c4 Ng5 36. Re3 Nf7 37. Qh4 Qxh4 38. gxh4 e5 39. Bd5 e4 40.
f3 Nd6 41. Kf2 Kh7 42. c5 Nb5 43. fxe4 Rd8 44. Rd1 fxe4 45. Bxe4+ Kh8 46. Bf3
Rc7 47. Red3 a6 48. b4 1-0

[Event "Cappelle-la-Grande 2014"]
[Site "Cappelle-la-Grande (FRA)"]
[Date "????.??.??"]
[Round "2.52"]
[White "Stojanovic, Dalibor"]
[Black "Collas, Silvia"]
[Result "0-1"]
[WhiteElo "2501"]
[BlackElo "2260"]
[PlyCount "86"]

1. e4 c5 2. Nf3 Nc6 3. Bb5 e6 4. Bxc6 bxc6 5. d3 d5 6. O-O Ne7 7. c4 Ng6 8. e5
f6 9. exf6 Qxf6 10. Qa4 Bd7 11. Nc3 Bd6 12. Re1 O-O 13. cxd5 exd5 14. Nxd5 Qf7
15. Ne3 Ne5 16. Qd1 Rae8 17. Rf1 Nxf3+ 18. Qxf3 Qxf3 19. gxf3 Rxf3 20. Nc4 Bc7
21. Be3 Re6 22. Rfe1 Rh3 23. Bxc5 Bxh2+ 24. Kf1 Rxd3 25. Bxa7 h5 26. Ne3 Rd2
27. Re2 Rd3 28. Ree1 Rd2 29. Red1 Red6 30. Rxd2 Rxd2 31. Kg2 Bf4 32. Kf3 g5 33.
Nc4 Rc2 34. b3 c5 35. Ke4 Bc6+ 36. Kd3 Rxf2 37. Bxc5 Rf3+ 38. Ke2 h4 39. Bd4
Rg3 40. Bf2 Rc3 41. Bd4 Bf3+ 42. Kf1 Rc2 43. Re1 h3 0-1

[Event "Cappelle-la-Grande 2014"]
[Site "Cappelle-la-Grande (FRA)"]
[Date "????.??.??"]
[Round "2.53"]
[White "Lalic, Bogdan"]
[Black "Andrenko, Irina"]
[Result "1/2-1/2"]
[WhiteElo "2491"]
[BlackElo "2219"]
[PlyCount "39"]

1. Nf3 c5 2. c4 Nf6 3. Nc3 g6 4. d4 cxd4 5. Nxd4 Bg7 6. e4 d6 7. Be2 O-O 8. O-O
Nc6 9. Nc2 a5 10. Re1 Nd7 11. Bd2 Nc5 12. Bf1 f5 13. exf5 Bxf5 14. Bg5 Qd7 15.
Ne3 Rf7 16. Nxf5 Qxf5 17. Be3 Ne5 18. h3 Ncd3 19. Bxd3 Qxd3 20. c5 1/2-1/2

[Event "Cappelle-la-Grande 2014"]
[Site "Cappelle-la-Grande (FRA)"]
[Date "????.??.??"]
[Round "2.54"]
[White "Castellanos Rodrigue, Renier"]
[Black "Lorscheid, Gerhard"]
[Result "1/2-1/2"]
[WhiteElo "2488"]
[BlackElo "2229"]
[PlyCount "107"]

1. e4 d6 2. d4 Nf6 3. Nc3 e5 4. Nf3 Nbd7 5. Bc4 Be7 6. a4 O-O 7. O-O c6 8. Re1
b6 9. Ba2 a6 10. h3 Bb7 11. Nh4 exd4 12. Qxd4 d5 13. exd5 Bc5 14. Qd3 Ng4 15.
hxg4 Qxh4 16. Be3 Ne5 17. Qf5 Nxg4 18. Bxc5 bxc5 19. Qf4 Rad8 20. d6 g5 21. Qg3
Qxg3 22. fxg3 Rxd6 23. Ne4 Rg6 24. Nxc5 Bc8 25. Bc4 Rd6 26. c3 a5 27. Re7 Rd2
28. Ne4 Rxb2 29. Nd6 Be6 30. Rxe6 fxe6 31. Bxe6+ Kh8 32. Bxg4 Rff2 33. Bf3 g4
34. Bxc6 Rf6 35. Nc4 Rc2 36. Nxa5 Rxc3 37. Bb5 Rxg3 38. Nc4 Rb3 39. Ne5 g3 40.
Bf1 Rfb6 41. Bb5 Rf6 42. Bc4 Rb2 43. Rd1 h5 44. Rd8+ Kh7 45. Rd7+ Kh8 46. Rd8+
Kh7 47. Rd1 Rff2 48. Bf1 Ra2 49. Rd7+ Kh6 50. Rd6+ Kg5 51. Nf3+ Kf4 52. Rd4+
Ke3 53. Rd3+ Kf4 54. Rd4+ 1/2-1/2

[Event "Cappelle-la-Grande 2014"]
[Site "Cappelle-la-Grande (FRA)"]
[Date "????.??.??"]
[Round "2.55"]
[White "Grabinsky, Vladimir"]
[Black "Chabanon, Jean-Luc"]
[Result "0-1"]
[WhiteElo "2263"]
[BlackElo "2479"]
[PlyCount "120"]

1. c4 e5 2. Nc3 Nf6 3. g3 c6 4. Nf3 e4 5. Nd4 d5 6. cxd5 cxd5 7. d3 Bc5 8. Nb3
Bb4 9. Bg2 O-O 10. O-O Bxc3 11. bxc3 Bf5 12. Be3 Nbd7 13. dxe4 Bxe4 14. Qd4
Bxg2 15. Kxg2 Re8 16. Nd2 Ne5 17. Rab1 b6 18. Bg5 Rc8 19. Qh4 Ned7 20. e3 h6
21. Bxf6 Nxf6 22. Rfc1 Re6 23. c4 Rec6 24. Rb3 Qc7 25. Rbc3 Rc5 26. e4 dxe4 27.
Nxe4 Qc6 28. f3 Nxe4 29. Qxe4 b5 30. Qxc6 R8xc6 31. Kf2 Rxc4 32. Rxc4 bxc4 33.
Ke3 Re6+ 34. Kf2 Ra6 35. Rc2 Ra3 36. f4 f5 37. Ke1 c3 38. Kd1 Kf7 39. Ke2 Ke6
40. Kd3 Kd5 41. Re2 c2+ 42. Kd2 Rxa2 43. Re5+ Kd6 44. Rxf5 Ke6 45. Rc5 a5 46.
Rc7 Kf6 47. Rc6+ Kf7 48. Rc7+ Kg6 49. Rc6+ Kh7 50. Ke3 a4 51. f5 a3 52. Kd3 Rb2
53. Rxc2 a2 54. Rxb2 a1=Q 55. Rf2 Qe1 56. Rf3 Kg8 57. h3 Qb1+ 58. Ke3 Qb3+ 59.
Kf2 Qc2+ 60. Ke3 Kf7 0-1

[Event "Cappelle-la-Grande 2014"]
[Site "Cappelle-la-Grande (FRA)"]
[Date "????.??.??"]
[Round "2.56"]
[White "Drasko, Milan"]
[Black "Blom, Vincent"]
[Result "1-0"]
[WhiteElo "2460"]
[BlackElo "2214"]
[PlyCount "77"]

1. Nf3 d5 2. g3 Nf6 3. Bg2 c6 4. O-O Bf5 5. d3 h6 6. c4 dxc4 7. Ne5 Nbd7 8.
Nxc4 e6 9. b4 Be7 10. a3 O-O 11. Bb2 Bh7 12. Nbd2 Qc7 13. Rc1 Rad8 14. Qb3 Ng4
15. d4 h5 16. h3 Nh6 17. f4 Kh8 18. Qf3 h4 19. g4 f6 20. Qf2 e5 21. dxe5 fxe5
22. f5 Bg5 23. e3 Nf6 24. Nf3 Nfxg4 25. hxg4 Nxg4 26. Qe2 e4 27. Nfe5 Nxe5 28.
Nxe5 Rfe8 29. Rc5 Rd3 30. Qh5 Bxe3+ 31. Kh1 Rc8 32. Ng6+ Kg8 33. Re5 Rd7 34.
Qxh4 Bd4 35. Ne7+ Kh8 36. Bxd4 Rxd4 37. f6 Qxe5 38. Ng6+ Kg8 39. Nxe5 1-0

[Event "Cappelle-la-Grande 2014"]
[Site "Cappelle-la-Grande (FRA)"]
[Date "????.??.??"]
[Round "2.57"]
[White "Dumitrache, Dragos-Nicolae"]
[Black "Roos, Adrian"]
[Result "1-0"]
[WhiteElo "2453"]
[BlackElo "2198"]
[PlyCount "85"]

1. d4 Nf6 2. c4 e6 3. Nc3 Bb4 4. Qc2 O-O 5. Nf3 d6 6. Bd2 c5 7. e3 cxd4 8. exd4
b6 9. a3 Bxc3 10. Bxc3 Bb7 11. Be2 Nbd7 12. O-O Rc8 13. b3 Re8 14. Rac1 Nf8 15.
Rfd1 Ng6 16. Bd2 Re7 17. a4 Be4 18. Qa2 h6 19. Ne1 Nh4 20. a5 Re8 21. f3 Bc6
22. Nc2 d5 23. axb6 axb6 24. Be1 Nf5 25. Bf2 Ra8 26. Qb2 Qe7 27. Qc3 Rec8 28.
Ra1 dxc4 29. bxc4 Ba4 30. Rdb1 Nd5 31. Qd2 Bxc2 32. Rxa8 Rxa8 33. Qxc2 Qc7 34.
Qb2 Nf4 35. Bf1 Rb8 36. g3 Ng6 37. c5 b5 38. Bxb5 Nfe7 39. Qa1 Nd5 40. Bd3 Nge7
41. Rxb8+ Qxb8 42. Qa4 Qb7 43. Qe8# 1-0

[Event "Cappelle-la-Grande 2014"]
[Site "Cappelle-la-Grande (FRA)"]
[Date "????.??.??"]
[Round "2.58"]
[White "Navrotescu, Andreea"]
[Black "Haub, Thorsten Michael"]
[Result "0-1"]
[WhiteElo "2181"]
[BlackElo "2449"]
[PlyCount "82"]

1. d4 g6 2. c4 Bg7 3. Nf3 d6 4. g3 f5 5. Bg2 Nf6 6. O-O O-O 7. Nc3 c6 8. d5 e5
9. dxe6 Bxe6 10. b3 Na6 11. Ng5 Bc8 12. Bb2 h6 13. Nf3 Re8 14. Qc2 Be6 15. Rad1
Bf7 16. Nd4 Qe7 17. Rfe1 Nc5 18. h4 a5 19. a3 Nce4 20. Nxe4 fxe4 21. e3 d5 22.
cxd5 Bxd5 23. Rd2 Qf7 24. Bc3 Ng4 25. Qb2 Ne5 26. Rf1 a4 27. b4 Nc4 28. Qc1
Nxd2 29. Qxd2 b6 30. Rd1 Rad8 31. Qb2 Rf8 32. Rd2 Rfe8 33. Qc2 c5 34. Nb5 Bb3
35. Qb2 cxb4 36. axb4 Rxd2 37. Qxd2 Qd5 38. Qxd5+ Bxd5 39. Nc7 Rd8 40. Bxg7
Kxg7 41. Nb5 Rc8 0-1